LEADER 05549nam 22009015 450 001 996465530203316 005 20221201000514.0 010 $a3-540-76856-4 024 7 $a10.1007/978-3-540-76856-2 035 $a(CKB)1000000000490270 035 $a(SSID)ssj0000316068 035 $a(PQKBManifestationID)11266243 035 $a(PQKBTitleCode)TC0000316068 035 $a(PQKBWorkID)10274738 035 $a(PQKB)11588042 035 $a(DE-He213)978-3-540-76856-2 035 $a(MiAaPQ)EBC4435054 035 $a(MiAaPQ)EBC3063034 035 $a(PPN)123729076 035 $a(EXLCZ)991000000000490270 100 $a20100301d2007 u| 0 101 0 $aeng 135 $aurnn#008mamaa 181 $ctxt 182 $cc 183 $acr 200 10$aAdvances in Visual Computing$b[electronic resource] $eThird International Symposium, ISVC 2007, Lake Tahoe, NV, USA, November 26-28, 2007, Proceedings, Part II /$fedited by Richard Boyle, Bahram Parvin, Darko Koracin, Nikos Paragios, Syeda-Mahmood Tanveer, Tao Ju, Zicheng Liu, Sabine Coquillart, Carolina Cruz-Neira, Torsten Möller, Tom Malzbender 205 $a1st ed. 2007. 210 1$aBerlin, Heidelberg :$cSpringer Berlin Heidelberg :$cImprint: Springer,$d2007. 215 $a1 online resource (XXXIII, 830 p.) 225 1 $aImage Processing, Computer Vision, Pattern Recognition, and Graphics ;$v4842 300 $aBibliographic Level Mode of Issuance: Monograph 311 $a3-540-76855-6 320 $aIncludes bibliographical references and index. 327 $aMotion and Tracking II -- Segmentation/Feature Extraction/Classification -- ST1: Intelligent Algorithms for Smart Monitoring of Complex Environments -- Shape/Recognition -- ST3: Image Databases -- ST6: Soft Computing in Image Processing and Computer Vision -- Poster. 330 $aIt is with great pleasure that we welcome you to the Proceedings of the 3rd international Symposium on Visual Computing (ISVC 2007) held in Lake Tahoe, Nevada/California. ISVC offers a common umbrella for the four main areas of visual computing including vision, graphics, visualization, and virtual reality. Its goal is to provide a forum for researchers, scientists, engineers and practitioners throughout the world to present their latest research findings, ideas, developments, and applications in the broader area of visual computing. This year, the program consisted of 14 oral sessions, 1 poster session, 6 special tracks, and 6 keynote presentations. Following a very successful ISVC 2006, the response to the call for papers was almost equally strong; we received over 270 submissions for the main symposium from which we accepted 77 papers for oral presentation and 42 papers for poster presentation. Special track papers were solicited separately through the Organizing and Program Committees of each track. A total of 32 papers were accepted for oral presentation and 5 papers for poster presentation in the special tracks. 410 0$aImage Processing, Computer Vision, Pattern Recognition, and Graphics ;$v4842 606 $aArtificial intelligence 606 $aPattern recognition 606 $aOptical data processing 606 $aBiometrics (Biology) 606 $aComputer graphics 606 $aAlgorithms 606 $aArtificial Intelligence$3https://scigraph.springernature.com/ontologies/product-market-codes/I21000 606 $aPattern Recognition$3https://scigraph.springernature.com/ontologies/product-market-codes/I2203X 606 $aImage Processing and Computer Vision$3https://scigraph.springernature.com/ontologies/product-market-codes/I22021 606 $aBiometrics$3https://scigraph.springernature.com/ontologies/product-market-codes/I22040 606 $aComputer Graphics$3https://scigraph.springernature.com/ontologies/product-market-codes/I22013 606 $aAlgorithm Analysis and Problem Complexity$3https://scigraph.springernature.com/ontologies/product-market-codes/I16021 615 0$aArtificial intelligence. 615 0$aPattern recognition. 615 0$aOptical data processing. 615 0$aBiometrics (Biology). 615 0$aComputer graphics. 615 0$aAlgorithms. 615 14$aArtificial Intelligence. 615 24$aPattern Recognition. 615 24$aImage Processing and Computer Vision. 615 24$aBiometrics. 615 24$aComputer Graphics. 615 24$aAlgorithm Analysis and Problem Complexity. 676 $a006.8 702 $aBoyle$b Richard$4edt$4http://id.loc.gov/vocabulary/relators/edt 702 $aParvin$b Bahram$4edt$4http://id.loc.gov/vocabulary/relators/edt 702 $aKoracin$b Darko$4edt$4http://id.loc.gov/vocabulary/relators/edt 702 $aParagios$b Nikos$4edt$4http://id.loc.gov/vocabulary/relators/edt 702 $aTanveer$b Syeda-Mahmood$4edt$4http://id.loc.gov/vocabulary/relators/edt 702 $aJu$b Tao$4edt$4http://id.loc.gov/vocabulary/relators/edt 702 $aLiu$b Zicheng$4edt$4http://id.loc.gov/vocabulary/relators/edt 702 $aCoquillart$b Sabine$4edt$4http://id.loc.gov/vocabulary/relators/edt 702 $aCruz-Neira$b Carolina$4edt$4http://id.loc.gov/vocabulary/relators/edt 702 $aMöller$b Torsten$4edt$4http://id.loc.gov/vocabulary/relators/edt 702 $aMalzbender$b Tom$4edt$4http://id.loc.gov/vocabulary/relators/edt 712 12$aInternational Symposium on Visual Computing 906 $aBOOK 912 $a996465530203316 996 $aAdvances in Visual Computing$9772261 997 $aUNISA LEADER 01754nam0 22003851i 450 001 UON00060415 005 20231205102304.482 100 $a20020107d1959 |0itac50 ba 101 $aeng 102 $aGB 105 $a|||| 1|||| 200 1 $aTao Te Ching$fLao Tzu$gtranslation by Ch'u Ta-Kao 210 $aLondon$cG. Akeu &univ LTD$d1959 215 $a96 p.$d23 cm 606 $aFilosofia$xCina$3UONC007554$2FI 620 $aGB$dLondon$3UONL003044 686 $aCIN VII A$cCINA - RELIGIONE E FILOSOFIA - PERIODO CLASSICO$2A 700 0$aLao Tze (6. sec. a.C.)$3UONV009607$01589364 702 0$aCH'U Ta-Kao$3UONV038638 712 $aAkeu & univ LTD$3UONV255625$4650 790 0$aLao Tzu (6. sec. a.C.)$zLao Tze (6. sec. a.C.)$3UONV016524 790 0$aL?oz? (6. sec. a.C.)$yLao Tze (6. sec. a.C.)$3UONV288217 801 $aIT$bSOL$c20250926$gRICA 899 $aSIBA - SISTEMA BIBLIOTECARIO DI ATENEO$2UONSI 912 $aUON00060415 950 $aSIBA - SISTEMA BIBLIOTECARIO DI ATENEO$dSI CIN VII A 181 $eSI MR 72708 7 181 966 $aFilosofia - Cina - Classici - Traduzioni$yFilosofia - Cina$3UONC005286 966 $aFilosofia - Cina - Influssi occidentali$yFilosofia - Cina$3UONC000067 966 $aFilosofia - Cina - Saggi$yFilosofia - Cina$3UONC002139 966 $aFilosofia - Cina - Scuola legista - Testi - Traduzioni$yFilosofia - Cina$3UONC006299 966 $aFilosofia - Cina - Sec. 18$yFilosofia - Cina$3UONC000634 966 $aFilosofia - Cina - Storia$yFilosofia - Cina$3UONC002551 966 $aRELIGIONE E FILOSOFIA - CINA - TESTI CLASSICI$yFilosofia - Cina$3UONC004498 996 $aTao-te-ching$93895122 997 $aUNIOR